000 00870nas a2200277 4500
001 BR0302854
003 BR-BrBNA
005 20231205103842.0
007 ta
008 230509b bl.|||p| |||| 00| 00por d
040 _aBR-BrBNA
_bpor
_cBiblioteca Nacional de Agricultura
041 _a(Pt)
072 _aM11
100 1 _aMedina, R. de S.
100 1 _aMoreira-Turcq, P.F.
100 1 _aVanacor-Barroso, L.
245 1 _aAspectos ambientais e produção pesqueira da Lagoa de Guarapina (Maricá-RJ)
650 _aPESCA
650 _aPRODUÇÃO PESQUEIRA
650 _aCONDIÇÃO AMBIENTAL
650 _aEUTROFICAÇÃO
650 _aRIO DE JANEIRO
773 0 _tPesquisa Agropecuária e Desenvolvimento Sustentável (Brazil)
_xISSN 1677-8391
_g(Dec 2002), v. 1(1) p. 15-28
_wBR0302854
909 _a202311
_bLúcia
_c55
_dLúcia Elande
942 _2AGRIS
_n0
_cANA
999 _c175078
_d175078